000 00564nam a2200169Ia 4500
005 20250508155959.0
008 008 250505s9999 xx 000 0 eng d
037 _aBooks to be hide in OPAC
040 _aFEDL
_beng
_cFEDL
041 _aeng
_2eng
084 _a379.549, HYD/O
_qFEDL
245 0 _aGeneral report on public instruction in H.H. the nizam's dominions for fasli 1302- (1892-93)
260 _aHyderabad, India
_bThe Deccan Industrial Association
_c1894
300 _a108p.
942 _cHB
_h379.549, HYD/O
999 _c1360682
_d1360682